[Event "Madrid San Viator op-B 31st"]
[Site "Madrid"]
[Date "2019.11.17"]
[Round "9"]
[White "Del Noval Nemeshazi, Mario"]
[Black "Gallego Romero, Manuel"]
[Result "1-0"]
[WhiteElo "1577"]
[BlackElo "1421"]
[PlyCount "95"]
[EventDate "2019.09.08"]
[EventType "swiss"]
[EventRounds "9"]
[EventCountry "ESP"]
[SourceTitle "EXT 2022"]
[Source "ChessBase"]
[SourceDate "2021.10.06"]
[SourceVersion "1"]
[SourceVersionDate "2021.10.06"]
[SourceQuality "1"]

1. e4 e5 2. Nf3 Nc6 3. Nc3 a6 4. d4 Bd6 5. Bc4 h6 6. Be3 Nf6 7. a3 0-0 8. Qd2 Ng4 9. 0-0-0 Nxe3 10. Qxe3 exd4 11. Nxd4 Nxd4 12. Qxd4 Be7 13. f4 d6 14. Rdg1 b5 15. Ba2 c5 16. Qd2 Be6 17. Nd5 Bxd5 18. Bxd5 Ra7 19. g4 g5 20. h4 gxf4 21. g5 hxg5 22. hxg5 Kg7 23. Qh2 Rh8 24. Qxh8+ Qxh8 25. Rxh8 Kxh8 26. Kd1 Kg7 27. Rg4 Kg6 28. Rxf4 Bxg5 29. Rf5 Bf6 30. c3 a5 31. Kc2 b4 32. Kb3 a4+ 33. Kc4 b3 34. Kb5 Bd8 35. Kc6 Ra6+ 36. Kb7 Rb6+ 37. Kc8 Bf6 38. Kc7 Ra6 39. Bb7 Ra5 40. Rxf6+ Kxf6 41. Kb6 d5 42. exd5 Ke5 43. Kxa5 f5 44. Kxa4 f4 45. Kxb3 f3 46. d6 f2 47. Bg2 Kxd6 48. Kc4 1-0

[Event "Alcorcon Spring op-B 1st"]
[Site "Alcorcon"]
[Date "2019.04.14"]
[Round "4"]
[White "Del Noval Nemeshazi, Mario"]
[Black "Orantos Alonso, Francisco D"]
[Result "1-0"]
[WhiteElo "1410"]
[BlackElo "1687"]
[PlyCount "74"]
[EventDate "2019.03.24"]
[EventType "swiss"]
[EventRounds "9"]
[EventCountry "ESP"]
[SourceTitle "EXT 2020"]
[Source "ChessBase"]
[SourceDate "2019.10.17"]
[SourceVersion "1"]
[SourceVersionDate "2019.10.17"]
[SourceQuality "1"]

1. e4 d6 2. Nf3 Nf6 3. Nc3 e5 4. d4 Nbd7 5. dxe5 dxe5 6. Bg5 h6 7. Bh4 a6 8. Bg3 Bd6 9. Qd2 0-0 10. 0-0-0 Re8 11. Nh4 Nc5 12. Qe3 Qe7 13. Nf5 Bxf5 14. exf5 Ng4 15. Qd2 Qg5 16. Qxg5 hxg5 17. h4 gxh4 18. Rxh4 Nh6 19. Rh5 f6 20. Nd5 Kf7 21. Bc4 b5 22. Nxc7+ bxc4 23. Nxe8 Kxe8 24. Rxd6 c3 25. bxc3 Rc8 26. f3 Ke7 27. Rb6 a5 28. Bf2 Na4 29. Ra6 Nxc3 30. Ra7+ Kf8 31. Rxa5 Ne2+ 32. Kd2 Nf4 33. Rh2 Rd8+ 34. Ke1 Rb8 35. g3 Rb1+ 36. Kd2 Rb4 37. gxf4 Rxf4 1-0

[Event "Madrid San Viator op-B 30th"]
[Site "Madrid"]
[Date "2018.04.08"]
[Round "1"]
[White "Del Noval Nemeshazi, Mario"]
[Black "Sanchez Martin, Jose1111"]
[Result "1/2-1/2"]
[WhiteElo "1406"]
[BlackElo "1653"]
[PlyCount "135"]
[EventDate "2018.04.08"]
[EventType "swiss"]
[EventRounds "9"]
[EventCountry "ESP"]
[SourceTitle "EXT 2019"]
[Source "ChessBase"]
[SourceDate "2018.10.10"]
[SourceVersion "1"]
[SourceVersionDate "2018.10.10"]
[SourceQuality "1"]

1. e4 c5 2. Nf3 d6 3. d4 cxd4 4. Nxd4 Nf6 5. Nc3 a6 6. Be3 e6 7. f3 Be7 8. Qd2 0-0 9. 0-0-0 Qc7 10. g4 Nc6 11. h4 b5 12. Kb1 Nd7 13. h5 Nde5 14. Nxc6 Qxc6 15. Qf2 b4 16. Ne2 Nc4 17. Nc1 Nxe3 18. Qxe3 Bb7 19. g5 f6 20. gxf6 Bxf6 21. h6 g6 22. Bd3 Qc5 23. Qxc5 dxc5 24. f4 e5 25. fxe5 Bxe5 26. Bc4+ Kh8 27. Rd7 Bc6 28. Re7 Rae8 29. Rxe8 Rxe8 30. Bxa6 Bd7 31. Nd3 Bd4 32. Re1 Be6 33. Bb7 Kg8 34. Kc1 Kf8 35. Kd2 Re7 36. Rf1+ Rf7 37. Rxf7+ Bxf7 38. c3 Bf6 39. cxb4 cxb4 40. Nxb4 Bxb2 41. a4 Bd4 42. a5 Be8 43. Kd3 Ba7 44. Kc4 Ke7 45. Kd5 g5 46. Ke5 Bd7 47. Nd5+ Kf7 48. Nb6 Be6 49. Bd5 Bb8+ 50. Kd4 g4 51. Bxe6+ Kxe6 52. Nd5 Ba7+ 53. Nb6 Kf6 54. Ke3 Ke5 55. Kf2 Kxe4 56. Kg3 Kf5 57. Nd7 Kg5 58. a6 Kf5 59. Nf8 Bb8+ 60. Kg2 Kg5 61. Nxh7+ Kg6 62. a7 Bxa7 63. Kg3 Kf5 64. Nf8 Bb8+ 65. Kg2 Be5 66. h7 Bg7 67. Kg3 Be5+ 68. Kg2 1/2-1/2

[Event "Madrid San Viator op-B 29th"]
[Site "Madrid"]
[Date "2017.10.29"]
[Round "6"]
[White "Del Noval Nemeshazi, Mario"]
[Black "Ramos Antona, Enrique"]
[Result "1-0"]
[WhiteElo "1416"]
[BlackElo "1650"]
[PlyCount "85"]
[EventDate "2017.09.17"]
[EventType "swiss"]
[EventRounds "9"]
[EventCountry "ESP"]
[SourceTitle "EXT 2019"]
[Source "ChessBase"]
[SourceDate "2018.10.10"]
[SourceVersion "1"]
[SourceVersionDate "2018.10.10"]
[SourceQuality "1"]

1. e4 e5 2. Nf3 Nc6 3. Nc3 Nf6 4. d4 exd4 5. Nxd4 Bb4 6. f3 0-0 7. Be3 Ne5 8. Qd2 d5 9. a3 Bxc3 10. Qxc3 dxe4 11. 0-0-0 Qe7 12. Bf4 Nd5 13. Qd2 Nxf4 14. Qxf4 exf3 15. Re1 Re8 16. Nxf3 f6 17. Re3 Qc5 18. Bc4+ Qxc4 19. Qxc4+ Nxc4 20. Rxe8+ Kf7 21. Rhe1 Nd6 22. R1e7+ Kg6 23. Rg8 Nf5 24. Rxc7 Nd6 25. Rcxg7+ Kf5 26. Rxh7 b6 27. Rhh8 a5 28. h4 Ra7 29. h5 Be6 30. Nd4+ Ke5 31. Nxe6 Kxe6 32. h6 Nf7 33. Rh7 Rd7 34. Rhg7 Nxh6 35. Rxd7 Kxd7 36. Rg6 Nf7 37. Rxf6 Nd6 38. g4 Ke7 39. Rxd6 Kxd6 40. Kd2 Ke5 41. Kd3 Kf4 42. Kc4 Kxg4 43. Kb5 1-0

[Event "Madrid San Viator op-B 29th"]
[Site "Madrid"]
[Date "2017.09.24"]
[Round "2"]
[White "Del Noval Nemeshazi, Mario"]
[Black "Majer Nunez, Chistian"]
[Result "1-0"]
[WhiteElo "1416"]
[BlackElo "1166"]
[PlyCount "49"]
[EventDate "2017.09.17"]
[EventType "swiss"]
[EventRounds "9"]
[EventCountry "ESP"]
[SourceTitle "EXT 2019"]
[Source "ChessBase"]
[SourceDate "2018.10.10"]
[SourceVersion "1"]
[SourceVersionDate "2018.10.10"]
[SourceQuality "1"]

1. e4 d5 2. exd5 Qxd5 3. Nc3 Qc6 4. Bb5 Bd7 5. Bxc6 Bxc6 6. Nf3 e6 7. d3 Nf6 8. Bf4 Na6 9. Qe2 Bb4 10. 0-0 Bxc3 11. bxc3 Nd5 12. Bd2 0-0 13. Nd4 Bd7 14. Qg4 Rad8 15. Bh6 g6 16. Bxf8 Kxf8 17. Qh4 Re8 18. Rfe1 Nxc3 19. Re3 c5 20. Nb3 Nd5 21. Rf3 Bc6 22. Na5 Ba4 23. c4 Nc3 24. Qf6 Re7 25. Qh8# 1-0

[Event "Tres Cantos op 9th"]
[Site "Tres Cantos"]
[Date "2017.06.29"]
[Round "8"]
[White "Del Noval Nemeshazi, Mario"]
[Black "Lopez Heras, Arturo"]
[Result "0-1"]
[WhiteElo "1411"]
[BlackElo "1860"]
[PlyCount "40"]
[EventDate "2017.06.22"]
[EventType "swiss"]
[EventRounds "9"]
[EventCountry "ESP"]
[SourceTitle "EXT 2019"]
[Source "ChessBase"]
[SourceDate "2018.10.10"]
[SourceVersion "1"]
[SourceVersionDate "2018.10.10"]
[SourceQuality "1"]

1. e4 c5 2. Nf3 d6 3. d4 cxd4 4. Nxd4 Nf6 5. Nc3 a6 6. Be3 e6 7. Be2 Be7 8. Qd2 0-0 9. 0-0-0 b5 10. Rdg1 b4 11. Nb1 Nxe4 12. Qxb4 d5 13. Qb3 Nc5 14. Qc3 Bd7 15. g4 Qc8 16. h4 Nc6 17. g5 Ne4 18. Qb3 Rb8 19. Qd3 Nb4 20. Qd1 Nxa2# 0-1

[Event "Madrid San Viator op-B 27th"]
[Site "Madrid"]
[Date "2016.10.16"]
[Round "5"]
[White "Fogue Caro, David"]
[Black "Del Noval Nemeshazi, Mario"]
[Result "0-1"]
[WhiteElo "1524"]
[BlackElo "1304"]
[PlyCount "82"]
[EventDate "2016.09.25"]
[EventType "swiss"]
[EventRounds "9"]
[EventCountry "ESP"]
[SourceTitle "EXT 2019"]
[Source "ChessBase"]
[SourceDate "2018.10.10"]
[SourceVersion "1"]
[SourceVersionDate "2018.10.10"]
[SourceQuality "1"]

1. c4 Nf6 2. Nc3 e5 3. g3 Bb4 4. Bg2 0-0 5. Nf3 Nc6 6. 0-0 Re8 7. Qc2 d6 8. a3 Bc5 9. Na4 Bb6 10. Nxb6 axb6 11. d3 Bg4 12. h3 Bh5 13. Bd2 e4 14. dxe4 Nxe4 15. Be3 Bg6 16. Qd1 Qf6 17. Nd4 Nxd4 18. Bxd4 Qe6 19. Rc1 c5 20. Be3 Nxg3 21. Bd5 Qe5 22. Qd2 Nxf1 23. Rxf1 Be4 24. Bf4 Qf5 25. Bxe4 Qxe4 26. e3 Re6 27. Kh2 Qxc4 28. Rg1 Rg6 29. Rxg6 hxg6 30. Qxd6 Qe2 31. Bg3 Qxb2 32. Qc7 Qxa3 33. Qxb7 Qa7 34. Qc7 b5 35. Qc6 b4 36. Bd6 b3 37. Bxc5 Qa2 38. Bd4 Qxf2+ 39. Kh1 Qe1+ 40. Kg2 Ra2+ 41. Kf3 Qh1+ 0-1

[Event "Madrid San Viator op-B 26th"]
[Site "Madrid"]
[Date "2016.05.29"]
[Round "8"]
[White "Del Noval Nemeshazi, Mario"]
[Black "Perez Carballeira, Francisco"]
[Result "1/2-1/2"]
[WhiteElo "1307"]
[BlackElo "1509"]
[PlyCount "100"]
[EventDate "2016.04.03"]
[EventType "swiss"]
[EventRounds "9"]
[EventCountry "ESP"]
[SourceTitle "EXT 2017"]
[Source "ChessBase"]
[SourceDate "2016.10.25"]
[SourceVersion "1"]
[SourceVersionDate "2016.10.25"]
[SourceQuality "1"]

1. e4 d5 2. exd5 Qxd5 3. Nc3 Qa5 4. Nf3 Nf6 5. Bc4 Bg4 6. d3 e6 7. Be3 c6 8. 0-0 Be7 9. h3 Bh5 10. Re1 0-0 11. Bg5 Nbd7 12. Ne4 Qd8 13. Ng3 Bxf3 14. Qxf3 Re8 15. a3 Nd5 16. Bxe7 Rxe7 17. Re2 N7f6 18. Rae1 Qc7 19. Ne4 Rae8 20. Bb3 Nxe4 21. dxe4 Nf4 22. Rd2 e5 23. Red1 Ng6 24. Qf5 Nf8 25. Qg5 Ne6 26. Bxe6 Rxe6 27. Rd8 h6 28. Qd2 R6e7 29. Rxe8+ Rxe8 30. Qd7 Re7 31. Qxc7 Rxc7 32. Rd8+ Kh7 33. Kf1 Kg6 34. Ke2 Kf6 35. Kd3 Ke7 36. Rg8 g6 37. Kc4 Rd7 38. Rb8 Kd6 39. b4 Kc7 40. Rf8 a6 41. g3 Kb6 42. a4 a5 43. c3 axb4 44. cxb4 Kc7 45. Kc5 b6+ 46. Kc4 Kd6 47. Re8 h5 48. f4 exf4 49. gxf4 Ra7 50. Kb3 Rb7 1/2-1/2

[Event "Madrid San Viator op-B 26th"]
[Site "Madrid"]
[Date "2016.04.03"]
[Round "1"]
[White "Hidalgo Prado, David"]
[Black "Del Noval Nemeshazi, Mario"]
[Result "1-0"]
[WhiteElo "1578"]
[BlackElo "1307"]
[PlyCount "67"]
[EventDate "2016.04.03"]
[EventType "swiss"]
[EventRounds "9"]
[EventCountry "ESP"]
[SourceTitle "EXT 2017"]
[Source "ChessBase"]
[SourceDate "2016.10.25"]
[SourceVersion "1"]
[SourceVersionDate "2016.10.25"]
[SourceQuality "1"]

1. e4 e6 2. d4 d5 3. e5 c5 4. c3 Nc6 5. Nf3 Qb6 6. a3 Nh6 7. b4 cxb4 8. cxb4 Nf5 9. Bb2 Bd7 10. g4 Nfe7 11. Nc3 Ng6 12. Na4 Qc7 13. Rc1 a6 14. Nc5 Bxc5 15. Rxc5 0-0 16. g5 Rfc8 17. Qd2 Qd8 18. h4 Nce7 19. h5 Nf8 20. Bd3 g6 21. hxg6 fxg6 22. Qf4 Nf5 23. Kd2 Rxc5 24. dxc5 Rc8 25. Nd4 Bc6 26. Bxf5 exf5 27. Re1 Qc7 28. Re3 Nd7 29. Ne6 Qb8 30. Qd4 Re8 31. Nf4 Nxe5 32. Rxe5 Rxe5 33. Nd3 Re7 34. Qh8+ 1-0

[Event "Madrid San Viator op-B 25th"]
[Site "Madrid"]
[Date "2015.10.25"]
[Round "5"]
[White "Del Noval Nemeshazi, Mario"]
[Black "Carnero Barbulo, Daniel"]
[Result "0-1"]
[WhiteElo "1239"]
[BlackElo "1346"]
[PlyCount "94"]
[EventDate "2015.10.04"]
[EventType "swiss"]
[EventRounds "9"]
[EventCountry "ESP"]
[SourceTitle "EXT 2019"]
[Source "ChessBase"]
[SourceDate "2018.10.10"]
[SourceVersion "1"]
[SourceVersionDate "2018.10.10"]
[SourceQuality "1"]

1. e4 e6 2. d4 d5 3. e5 c5 4. c3 Nc6 5. Nf3 Qb6 6. a3 Nge7 7. b4 c4 8. Bg5 h6 9. Be3 Nf5 10. Bd2 Nfxd4 11. cxd4 Nxd4 12. Nxd4 Qxd4 13. Bc3 Qf4 14. g3 Qe4+ 15. Qe2 Qxh1 16. Nd2 Qxh2 17. Rc1 g6 18. Bb2 Qh5 19. Nf3 Be7 20. Rd1 0-0 21. Rd4 b6 22. g4 Qh1 23. Bc1 Bg5 24. Bf4 a5 25. Bh2 Ba6 26. Bg1 c3 27. Qd1 Bxf1 28. Kxf1 c2 29. Qxc2 Qxf3 30. Bh2 Rfc8 31. Rd3 Qh1+ 32. Bg1 Rxc2 33. Rd1 Rc1 34. Rxc1 Bxc1 35. bxa5 Rxa5 36. f4 Rxa3 37. g5 Be3 38. gxh6 Ra1+ 39. Ke2 Qxg1 40. h7+ Kxh7 41. Kd3 Ra4 42. f5 Bh6 43. fxg6+ Kxg6 44. Kc3 Qg3+ 45. Kb2 Rf4 46. Kc2 Rf2+ 47. Kd1 Qg1# 0-1

[Event "Madrid San Viator op 23rd"]
[Site "Madrid"]
[Date "2014.10.05"]
[Round "2"]
[White "Del Noval Nemeshazi, Mario"]
[Black "Del Noval Perez, Jeronimo"]
[Result "1-0"]
[WhiteElo "1309"]
[BlackElo "1448"]
[PlyCount "105"]
[EventDate "2014.09.28"]
[EventType "swiss"]
[EventRounds "9"]
[EventCountry "ESP"]
[SourceTitle "EXT 2016"]
[Source "ChessBase"]
[SourceDate "2015.10.08"]
[SourceVersion "1"]
[SourceVersionDate "2015.10.08"]
[SourceQuality "1"]

1. e4 e5 2. Nf3 Nc6 3. d4 exd4 4. Nxd4 Nf6 5. Nc3 Bb4 6. Nxc6 dxc6 7. Qxd8+ Kxd8 8. Bd3 Be6 9. 0-0 Bxc3 10. bxc3 Ke7 11. Ba3+ Kd7 12. Rfd1 Rad8 13. e5 Nd5 14. Be4 Kc8 15. Rd3 Nf4 16. Rf3 Nd5 17. Rd3 Kb8 18. Rad1 Rde8 19. Rb1 Nb6 20. Rb2 Bd5 21. Bxd5 cxd5 22. f4 f6 23. exf6 gxf6 24. Bc5 Na4 25. Rb5 Nxc5 26. Rxc5 Re1+ 27. Kf2 Ra1 28. Rcxd5 c6 29. Ra5 b6 30. Ra3 Rb1 31. Rd6 Rb2 32. Rxf6 Rxc2+ 33. Kg1 Kb7 34. Rf7+ Kb8 35. Rfxa7 Rc8 36. Rxh7 Rd8 37. h3 Rd1+ 38. Kh2 Rdd2 39. Rg7 Rxa2 40. Rxa2 Rxa2 41. f5 Rf2 42. Rg6 Rxf5 43. Rxc6 Kb7 44. Re6 Rc5 45. Re3 b5 46. g4 Kc6 47. Kg3 Kd5 48. Kf4 Rc4+ 49. Kf5 Ra4 50. g5 Ra1 51. g6 Rf1+ 52. Kg5 Rg1+ 53. Kh6 1-0

[Event "Madrid San Viator op 23rd"]
[Site "Madrid"]
[Date "2014.09.28"]
[Round "1"]
[White "Rodriguez, Antonio"]
[Black "Del Noval Nemeshazi, Mario"]
[Result "1/2-1/2"]
[WhiteElo "1430"]
[BlackElo "1309"]
[PlyCount "76"]
[EventDate "2014.09.28"]
[EventType "swiss"]
[EventRounds "9"]
[EventCountry "ESP"]
[SourceTitle "EXT 2016"]
[Source "ChessBase"]
[SourceDate "2015.10.08"]
[SourceVersion "1"]
[SourceVersionDate "2015.10.08"]
[SourceQuality "1"]

1. Nc3 d5 2. e4 d4 3. Nce2 e5 4. Nf3 Bd6 5. Ng3 Ne7 6. c3 c5 7. Bb5+ Nbc6 8. d3 h6 9. Nd2 0-0 10. 0-0 Qa5 11. Bc4 dxc3 12. bxc3 Qxc3 13. Rb1 Qa5 14. Bb2 Nb4 15. Bc3 Qc7 16. Ne2 a6 17. a3 Nbc6 18. Bb3 b5 19. Ba1 Qa5 20. Bc3 b4 21. Nc4 Qd8 22. Nxd6 Qxd6 23. axb4 cxb4 24. Bd2 Qxd3 25. Bc2 Qb5 26. Ba4 Qc5 27. Rc1 Qd6 28. Bb3 Qg6 29. Kh1 Qxe4 30. Ng3 Qd4 31. Rc4 Qb6 32. Qe1 a5 33. Be3 Qa6 34. Qc1 a4 35. Bd1 a3 36. Bf3 a2 37. Bxc6 a1Q 38. Qxa1 Qxc4 1/2-1/2

[Event "Madrid San Viator op 22nd"]
[Site "Madrid"]
[Date "2014.05.18"]
[Round "7"]
[White "Del Noval Nemeshazi, Mario"]
[Black "Diaz del Prado, Carlos"]
[Result "1/2-1/2"]
[WhiteElo "1317"]
[BlackElo "1224"]
[PlyCount "40"]
[EventDate "2014.03.23"]
[EventType "swiss"]
[EventRounds "9"]
[EventCountry "ESP"]
[SourceTitle "EXT 2015"]
[Source "ChessBase"]
[SourceDate "2014.11.20"]
[SourceVersion "1"]
[SourceVersionDate "2014.11.20"]
[SourceQuality "1"]

1. d4 Nf6 2. c4 g6 3. Nc3 Bg7 4. e4 d6 5. Nf3 0-0 6. Be2 c5 7. d5 Qa5 8. 0-0 Nh5 9. Bd2 Qb6 10. b3 Bxc3 11. Bxc3 Nf4 12. Re1 Bg4 13. h3 Nxe2+ 14. Qxe2 Bd7 15. Rab1 a5 16. Ba1 Na6 17. Qb2 f6 18. a4 Nb4 19. Qd2 Rf7 20. Bc3 Raf8 1/2-1/2

[Event "Madrid San Viator op 22nd"]
[Site "Madrid"]
[Date "2014.04.06"]
[Round "3"]
[White "Andres Rodriguez, Florencio"]
[Black "Del Noval Nemeshazi, Mario"]
[Result "1/2-1/2"]
[WhiteElo "1588"]
[BlackElo "1317"]
[PlyCount "51"]
[EventDate "2014.03.23"]
[EventType "swiss"]
[EventRounds "9"]
[EventCountry "ESP"]
[SourceTitle "EXT 2015"]
[Source "ChessBase"]
[SourceDate "2014.11.20"]
[SourceVersion "1"]
[SourceVersionDate "2014.11.20"]
[SourceQuality "1"]

1. d4 Nf6 2. c4 g6 3. Nc3 Bg7 4. e4 d6 5. Nge2 0-0 6. f3 e5 7. d5 c5 8. g4 Qb6 9. Ng3 Bd7 10. Be2 a5 11. a4 Na6 12. 0-0 Nb4 13. Rb1 Rfc8 14. f4 h6 15. h3 Qd8 16. Kg2 Rc7 17. Rh1 Qc8 18. Bd2 b6 19. Qc1 Kh7 20. Qd1 Kg8 21. b3 Rb8 22. Rb2 Rcb7 23. Be1 Qe8 24. Qd2 Kh7 25. f5 g5 26. Qe3 1/2-1/2

[Event "Madrid San Viator op 22nd"]
[Site "Madrid"]
[Date "2014.03.30"]
[Round "2"]
[White "Del Noval Nemeshazi, Mario"]
[Black "Santos Valdivia, Victor Manuel"]
[Result "1/2-1/2"]
[WhiteElo "1317"]
[BlackElo "1512"]
[PlyCount "34"]
[EventDate "2014.03.23"]
[EventType "swiss"]
[EventRounds "9"]
[EventCountry "ESP"]
[SourceTitle "EXT 2015"]
[Source "ChessBase"]
[SourceDate "2014.11.20"]
[SourceVersion "1"]
[SourceVersionDate "2014.11.20"]
[SourceQuality "1"]

1. d4 d5 2. c4 c6 3. Nc3 Nf6 4. Bg5 e6 5. e4 Be7 6. e5 Nfd7 7. Bxe7 Qxe7 8. Nf3 b6 9. Bd3 f6 10. Qc2 f5 11. 0-0 Bb7 12. Rfe1 Na6 13. a3 Nc7 14. cxd5 cxd5 15. Rac1 Rc8 16. h3 0-0 17. Qa4 a6 1/2-1/2